000 00695nam a2200217Ia 4500
008 191130s2005##################000#0#eng##
020 _a9781403948311
022 _a2005048136
040 _aACL
_cACL
082 _a973 LEV
100 _aLevine, Paul
245 _aAmerica since 1945 : the American moment
_cPaul Levine & Harry Papasotiriou
260 _aNew York
_bPalgrave Macmillan
_c2005
300 _ax, 292 p. : ill., maps ; 24 cm
500 _aIncludes bibliographical references and index
650 _aUnited States - History - 1945- - Textbooks
700 _aPapasōtēriou, Charalampos
990 _a2f09379eac10000c6d2e3f862719dab0
991 _a283570
999 _c367011
_d367011